Catalog

Record Details

Catalog Search



Christian Ethics in Secular Society  Cover Image Book Book

Christian Ethics in Secular Society / Philip Edgcumbe Hughes

Record details

  • ISBN: 0-8010-4267-4
  • Physical Description: 223 p.
  • Publisher: Grand Rapids, Michigan 49506 Baker Book House 1983

Available copies

  • 1 of 1 copy available at Common Catalog SPOK.

Holds

  • 0 current holds with 1 total copy.
Show Only Available Copies
Location Call Number / Copy Notes Barcode Shelving Location Status Due Date
ETS Library 241 424470012143 Volný výběr Available -

LDR 00673nam a2 00241
00138738
003CZ-PrJAB
00520100730000000.0
008100730s1983 xxu e |||| |eng
009us
020 . ‡a0-8010-4267-4
035 . ‡a(CONS)3975
035 . ‡aKPS13429
040 . ‡aABG450
041 . ‡aeng
08214. ‡a241
100 . ‡76697 ‡aHughes, Philip Edgcumbe
245 . ‡aChristian Ethics in Secular Society / ‡cPhilip Edgcumbe Hughes
260 . ‡aGrand Rapids, Michigan 49506 ‡bBaker Book House ‡c1983
300 . ‡a223 p.
653 . ‡aChristian Ethics in Secular Society
8524 . ‡bETS ‡bETS ‡cVolný výběr ‡j241 ‡gA ‡p424470012143
910 . ‡aABG450
999 . ‡a3975 ‡bAUTOGEN ‡c3975 ‡tbiblio
905 . ‡uadmin
901 . ‡a38738 ‡b ‡c38738 ‡tbiblio ‡sets

Additional Resources